[Event "Wch U16 Girls"]
[Site "Montesilvano"]
[Date "2023.11.22"]
[Round "9"]
[White "Bruntse, Caroline Lindegaard"]
[Black "Lobo Pereira, Arami"]
[Result "0-1"]
[WhiteElo "1568"]
[BlackElo "2013"]
[PlyCount "102"]
[EventDate "2023.11.13"]
[EventType "swiss"]
[EventRounds "11"]
[EventCountry "ITA"]
[SourceTitle "CB48_2023"]
[SourceDate "2023.11.29"]
[SourceVersion "1"]
[SourceVersionDate "2023.11.29"]
[SourceQuality "1"]

1. d4 d5 2. c4 c6 3. Nc3 Nf6 4. cxd5 cxd5 5. Bf4 Nc6 6. e3 a6 7. Bd3 Bg4 8. Nge2 e6 9. 0-0 Be7 10. Rc1 0-0 11. a3 Rc8 12. b4 b5 13. Qd2 Bh5 14. Rc2 Nd7 15. Nc1 Nb6 16. Nb3 Bg6 17. Bxg6 hxg6 18. Nc5 Bxc5 19. dxc5 Nc4 20. Qc1 g5 21. Bg3 f5 22. h3 Qf6 23. f4 gxf4 24. Bxf4 e5 25. Bh2 Qe6 26. Re1 Rcd8 27. Kh1 Qg6 28. Ra2 Qg5 29. Bg1 Rf6 30. Qd1 d4 31. exd4 exd4 32. Nb1 Rg6 33. Ree2 d3 34. Rf2 Kh7 35. Bh2 Rd4 36. Rf3 d2 37. Rg3 Qh6 38. Rxg6 Kxg6 39. Bg1 Rd3 40. Rc2 Qh5 41. Qxh5+ Kxh5 42. Nxd2 Rxd2 43. Rc3 f4 44. Rf3 g5 45. g3 N4e5 46. g4+ Kg6 47. Rc3 f3 48. Be3 Re2 49. Kg1 Rg2+ 50. Kh1 Rg3 51. Kh2 f2 0-1

[Event "Wch U16 Girls"]
[Site "Montesilvano"]
[Date "2023.11.17"]
[Round "5"]
[White "Recica, Jona"]
[Black "Lobo Pereira, Arami"]
[Result "0-1"]
[WhiteElo "1264"]
[BlackElo "2013"]
[PlyCount "100"]
[EventDate "2023.11.13"]
[EventType "swiss"]
[EventRounds "11"]
[EventCountry "ITA"]
[SourceTitle "CB48_2023"]
[SourceDate "2023.11.29"]
[SourceVersion "1"]
[SourceVersionDate "2023.11.29"]
[SourceQuality "1"]

1. e4 c5 2. Nc3 d6 3. f4 g6 4. Nf3 Bg7 5. Bb5+ Bd7 6. Bc4 e6 7. d3 Nc6 8. 0-0 Nge7 9. Qe1 h6 10. Qg3 0-0 11. Nh4 Kh7 12. Be3 Nd4 13. Bb3 b5 14. Bxd4 Bxd4+ 15. Kh1 b4 16. Ne2 Bxb2 17. Rab1 Bg7 18. Nf3 Rc8 19. Nd2 d5 20. e5 a5 21. c4 bxc3 22. Nxc3 Nf5 23. Qf2 f6 24. g4 Nd4 25. exf6 Qxf6 26. Ba4 Bxa4 27. Nxa4 g5 28. Nb6 Rc7 29. f5 exf5 30. Qg2 Qc6 31. gxf5 Nxf5 32. Nxd5 Rd7 33. Ne3 Qxg2+ 34. Nxg2 Rxd3 35. Nb3 c4 36. Nxa5 Rh3 37. Rfe1 Ng3+ 38. Kg1 Bd4+ 39. Ne3 Nf5 40. Naxc4 Nxe3 41. Nxe3 Bxe3+ 42. Kg2 Rhf3 43. a4 Rf2+ 44. Kh1 Bf4 45. a5 Rxh2+ 46. Kg1 Ra2 47. Rb7+ Kg6 48. Rb6+ Kh5 49. a6 Rd8 50. Reb1 Be3+ 0-1

[Event "ESP-ch U16 rapid"]
[Site "Salobrena"]
[Date "2023.07.29"]
[Round "3"]
[White "Tabuenca Mendataurigoitia, Daniel"]
[Black "Lobo Pereira, Arami"]
[Result "1-0"]
[WhiteElo "2168"]
[BlackElo "1920"]
[PlyCount "63"]
[EventDate "2023.07.29"]
[EventType "swiss (rapid)"]
[EventRounds "9"]
[EventCountry "ESP"]
[SourceTitle "EXT 2024"]
[Source "ChessBase"]
[SourceDate "2023.10.10"]
[SourceVersion "1"]
[SourceVersionDate "2023.10.10"]
[SourceQuality "1"]

1. e4 c5 2. Nf3 d6 3. Bb5+ Bd7 4. Bxd7+ Qxd7 5. c4 e5 6. Nc3 g6 7. 0-0 Bg7 8. a3 Nc6 9. d3 Nge7 10. Nd5 0-0 11. Bd2 Nxd5 12. cxd5 Ne7 13. b4 b6 14. Qb3 h6 15. bxc5 bxc5 16. Rab1 Rac8 17. Qb5 Qg4 18. h3 Qh5 19. Qd7 Rce8 20. Qxd6 f5 21. Rb7 fxe4 22. dxe4 Nc8 23. Qxc5 Rxf3 24. gxf3 Qxh3 25. Qc7 Re7 26. Qd8+ Bf8 27. Rxe7 Nxe7 28. Re1 Qxf3 29. Qd7 Qxa3 30. Qe6+ Kg7 31. Qxe5+ Kh7 32. Qf4 1-0

[Event "Barcelona Sant Marti op 10th"]
[Site "Barcelona"]
[Date "2023.02.16"]
[Round "6"]
[White "Lobo Pereira, Arami"]
[Black "Perez Pastora, Evaristo"]
[Result "1/2-1/2"]
[WhiteElo "1666"]
[BlackElo "2121"]
[PlyCount "38"]
[EventDate "2023.01.12"]
[EventType "swiss"]
[EventRounds "9"]
[EventCountry "ESP"]
[SourceTitle "CBM 213 Extra"]
[Source "ChessBase"]
[SourceDate "2023.05.31"]
[SourceVersion "1"]
[SourceVersionDate "2023.05.31"]
[SourceQuality "1"]

1. d4 d5 2. c4 e6 3. Nc3 a6 4. cxd5 exd5 5. Qb3 c5 6. Qxd5 cxd4 7. Qxd8+ Kxd8 8. Nd5 Be6 9. Nf4 Bb4+ 10. Bd2 Nc6 11. Nxe6+ fxe6 12. g3 Rc8 13. Bg2 Bxd2+ 14. Kxd2 Nf6 15. Nh3 Kd7 16. Nf4 Kd6 17. Nd3 Nd5 18. Rhc1 b6 19. e3 a5 1/2-1/2

[Event "Barcelona Sant Marti op 10th"]
[Site "Barcelona"]
[Date "2023.01.26"]
[Round "3"]
[White "Lobo Pereira, Arami"]
[Black "Rojas Fernandez, Andres"]
[Result "1/2-1/2"]
[WhiteElo "1666"]
[BlackElo "1864"]
[PlyCount "256"]
[EventDate "2023.01.12"]
[EventType "swiss"]
[EventRounds "9"]
[EventCountry "ESP"]
[SourceTitle "CBM 213 Extra"]
[Source "ChessBase"]
[SourceDate "2023.05.31"]
[SourceVersion "1"]
[SourceVersionDate "2023.05.31"]
[SourceQuality "1"]

1. d4 d5 2. c4 e6 3. Nc3 Nf6 4. Nf3 Nbd7 5. Bf4 c6 6. e3 Be7 7. Qc2 0-0 8. Rd1 Re8 9. Bd3 Nf8 10. h3 Bd7 11. 0-0 Rc8 12. e4 dxe4 13. Nxe4 Nxe4 14. Bxe4 b5 15. a4 bxc4 16. Qxc4 Ng6 17. Bg3 Qb6 18. h4 Bf6 19. h5 Ne7 20. h6 gxh6 21. Ne5 Red8 22. Qd3 Ng6 23. Nxg6 hxg6 24. Bxg6 Be8 25. Qf3 Bxd4 26. Bc2 f5 27. Bh4 Rd7 28. Bb3 Bf7 29. Rd3 c5 30. Qg3+ Kh7 31. Bf6 Rg8 32. Qh3 Rg6 33. Bh4 Qc6 34. Rfd1 Rb7 35. Rc1 Qe4 36. Bd1 Qe1+ 37. Kh2 Rxb2 38. Rxd4 Qe5+ 39. Bg3 Qxd4 40. Bh5 Rg7 41. Rd1 Qf6 42. Re1 Qg5 43. Bxf7 Rxf7 44. Rxe6 Rb4 45. a5 Ra4 46. a6 c4 47. Be5 c3 48. g3 Re4 49. f4 Re2+ 50. Kg1 Rd7 51. fxg5 Rd1+ 52. Qf1 c2 53. Rxh6+ Kg8 54. Bf4 Ree1 55. Qxe1 Rxe1+ 56. Kf2 c1Q 57. Bxc1 Rxc1 58. Rd6 Ra1 59. Kf3 Ra5 60. Rd8+ Kg7 61. Rd7+ Kg6 62. Rxa7 Kxg5 63. Ra8 Ra3+ 64. Kg2 Kg4 65. a7 Ra2+ 66. Kf1 Kf3 67. Ke1 Ra1+ 68. Kd2 Ra2+ 69. Kd3 Ra3+ 70. Kd4 Ra4+ 71. Ke5 Ra5+ 72. Ke6 Ke4 73. Kf6 Kf3 74. Ke6 Ke4 75. Kd6 Kf3 76. Kc6 Ra1 77. Kd5 Ra5+ 78. Kd4 Ra4+ 79. Ke5 Ra5+ 80. Kf6 Kf2 81. Ke6 Kf3 82. Kf6 Kf2 83. Ke6 Kf3 84. Kd6 Ra1 85. Kc6 Rc1+ 86. Kb6 Rb1+ 87. Kc5 Rc1+ 88. Kb4 Ra1 89. Kc3 Ra3+ 90. Kb2 Ra6 91. Kc2 Rc6+ 92. Kd3 Ra6 93. Kc4 Ra3 94. Kb5 Ra1 95. Kb6 Rb1+ 96. Kc6 Rc1+ 97. Kd6 Ra1 98. Ke6 Ra5 99. g4 fxg4 100. Rf8+ Kg2 101. a8Q+ Rxa8 102. Rxa8 g3 103. Ke5 Kf1 104. Ke4 g2 105. Kf3 g1N+ 106. Kg3 Ne2+ 107. Kf3 Ng1+ 108. Ke3 Nh3 109. Ra2 Ng1 110. Ra7 Kg2 111. Rg7+ Kf1 112. Rg3 Ne2 113. Rf3+ Ke1 114. Rh3 Kf1 115. Rh2 Ng1 116. Rf2+ Ke1 117. Rh2 Kf1 118. Rh4 Kg2 119. Rg4+ Kf1 120. Rg3 Ne2 121. Rf3+ Ke1 122. Rf5 Ng3 123. Rf2 Nf1+ 124. Kf3 Nd2+ 125. Kg2 Ne4 126. Ra2 Nd2 127. Rb2 Ke2 128. Rxd2+ Kxd2 1/2-1/2

[Event "EU-ch U16 Girls 30th"]
[Site "Antalya"]
[Date "2022.11.08"]
[Round "3"]
[White "Cornileau, Juliette"]
[Black "Lobo Pereira, Arami"]
[Result "1-0"]
[WhiteElo "2016"]
[BlackElo "1719"]
[PlyCount "30"]
[EventDate "2022.11.06"]
[EventType "swiss"]
[EventRounds "9"]
[EventCountry "TUR"]
[SourceTitle "EXT 2024"]
[Source "ChessBase"]
[SourceDate "2023.10.10"]
[SourceVersion "1"]
[SourceVersionDate "2023.10.10"]
[SourceQuality "1"]

1. d4 Nf6 2. c4 g6 3. Nc3 d5 4. Nf3 Bg7 5. Qb3 dxc4 6. Qxc4 0-0 7. e4 a6 8. e5 b5 9. Qd3 Nfd7 10. e6 fxe6 11. Be3 Nb6 12. h4 Nc6 13. h5 Rxf3 14. gxf3 Nxd4 15. Bxd4 Qxd4 1-0

[Event "Vic Primavera op 1st"]
[Site "Vic"]
[Date "2022.05.20"]
[Round "5"]
[White "Freixas Bosch, Josep"]
[Black "Lobo Pereira, Arami"]
[Result "1/2-1/2"]
[WhiteElo "1906"]
[BlackElo "1892"]
[PlyCount "83"]
[EventDate "2022.04.22"]
[EventType "swiss"]
[EventRounds "8"]
[EventCountry "ESP"]
[SourceTitle "EXT 2023"]
[Source "ChessBase"]
[SourceDate "2022.10.05"]
[SourceVersion "1"]
[SourceVersionDate "2022.10.05"]
[SourceQuality "1"]

1. Nf3 d5 2. c4 e6 3. e3 Nf6 4. b3 Be7 5. Bb2 0-0 6. Be2 c5 7. 0-0 Nc6 8. d4 b6 9. Nbd2 Bb7 10. Rc1 cxd4 11. Nxd4 Nxd4 12. Bxd4 Rc8 13. cxd5 Rxc1 14. Qxc1 Bxd5 15. Qb2 Qa8 16. f3 Rc8 17. e4 Bb7 18. Nc4 Ne8 19. Rd1 Rd8 20. b4 Ba6 21. Qb3 Nd6 22. Be3 Nxc4 23. Rxd8+ Qxd8 24. Bxc4 Bxc4 25. Qxc4 Qd1+ 26. Kf2 h6 27. b5 Bh4+ 28. g3 Bf6 29. Kg2 Qe1 30. Bf4 e5 31. Qc8+ Kh7 32. Qf5+ Kg8 33. Qc8+ Kh7 34. Qf5+ Kg8 35. Bxe5 Qe2+ 36. Kh3 Bxe5 37. Qc8+ Kh7 38. Qf5+ Kg8 39. Qc8+ Kh7 40. Qf5+ Kg8 41. Qc8+ Kh7 42. Qf5+ 1/2-1/2

[Event "Vic Primavera op 1st"]
[Site "Vic"]
[Date "2022.04.29"]
[Round "2"]
[White "Lobo Pereira, Arami"]
[Black "Vilarrasa Grabulosa, Carlos"]
[Result "1-0"]
[WhiteElo "1892"]
[BlackElo "2173"]
[PlyCount "119"]
[EventDate "2022.04.22"]
[EventType "swiss"]
[EventRounds "8"]
[EventCountry "ESP"]
[SourceTitle "EXT 2023"]
[Source "ChessBase"]
[SourceDate "2022.10.05"]
[SourceVersion "1"]
[SourceVersionDate "2022.10.05"]
[SourceQuality "1"]

1. d4 Nf6 2. c4 e6 3. Nc3 Bb4 4. f3 c5 5. d5 d6 6. e4 exd5 7. cxd5 0-0 8. Bd3 a6 9. Nge2 Nbd7 10. 0-0 b5 11. a3 Ba5 12. b4 Bb6 13. Kh1 Ne5 14. Bc2 Nc4 15. Nf4 Ra7 16. Nd3 cxb4 17. Nxb4 Nh5 18. g4 Qf6 19. gxh5 Qxc3 20. Ra2 f5 21. Bd3 Ne3 22. Qe1 Qxe1 23. Rxe1 Nc4 24. Bxc4 bxc4 25. Rg2 fxe4 26. fxe4 Bh3 27. Be3 Bxg2+ 28. Kxg2 Bxe3 29. Rxe3 a5 30. Nc6 Ra6 31. Rc3 Rf4 32. Rxc4 Rh4 33. Kg3 Rxh5 34. Ne7+ Kf7 35. Rc7 Rg5+ 36. Kf4 Rg1 37. Nf5+ Kf6 38. Re7 Rf1+ 39. Kg4 h5+ 40. Kg3 Rxf5 41. Re6+ Kf7 42. exf5 Rb6 43. Kh4 Rb2 44. Kxh5 Rxh2+ 45. Kg4 Rg2+ 46. Kf3 Ra2 47. Rxd6 Rxa3+ 48. Ke4 Ra1 49. Ra6 Re1+ 50. Kd4 Rf1 51. Ke5 Re1+ 52. Kd6 Rf1 53. Kc7 Rxf5 54. Rxa5 g5 55. Kc6 g4 56. Ra7+ Ke8 57. d6 Rf1 58. Ra8+ Kf7 59. d7 Rc1+ 60. Kb5 1-0

[Event "Catalan-ch U10/20"]
[Site "Tarragona"]
[Date "2022.04.10"]
[Round "3"]
[White "Bernado Lopez, Roger"]
[Black "Lobo Pereira, Arami"]
[Result "1/2-1/2"]
[WhiteElo "2259"]
[BlackElo "1892"]
[PlyCount "92"]
[EventDate "2022.04.09"]
[EventType "swiss"]
[EventRounds "9"]
[EventCountry "ESP"]
[SourceTitle "EXT 2023"]
[Source "ChessBase"]
[SourceDate "2022.10.05"]
[SourceVersion "1"]
[SourceVersionDate "2022.10.05"]
[SourceQuality "1"]

1. e4 e6 2. d4 d5 3. Nc3 Bb4 4. e5 c5 5. a3 Bxc3+ 6. bxc3 Ne7 7. Qg4 Kf8 8. a4 Qc7 9. Qd1 b6 10. Nf3 Ba6 11. Bxa6 Nxa6 12. 0-0 Rc8 13. Ba3 h6 14. Qe2 Nb8 15. a5 Kg8 16. h4 Ng6 17. h5 Ne7 18. g4 Nd7 19. axb6 axb6 20. Nh2 Nc6 21. f4 Na5 22. Qf3 Nc4 23. f5 Nd2 24. Qf4 Nxf1 25. Rxf1 Nf8 26. Nf3 Nh7 27. Bc1 cxd4 28. f6 Nxf6 29. exf6 Qxf4 30. Bxf4 gxf6 31. cxd4 Rxc2 32. Rb1 Rc6 33. Ra1 Kg7 34. Ra7 Rhc8 35. Bd2 R6c7 36. Ra6 Rb7 37. Kf1 b5 38. Ra3 Rc4 39. Rb3 Ra4 40. Kf2 Ra2 41. Ke1 Ra4 42. Kd1 b4 43. Ne1 Rc7 44. Nc2 Rc4 45. Bxb4 Ra2 46. Bc3 Rca4 1/2-1/2

[Event "EU-ch Hybrid U14 Girls"]
[Site "Tornelo INT"]
[Date "2021.10.15"]
[Round "7"]
[White "Lobo Pereira, Arami"]
[Black "Pandelescu, Maria Catalina"]
[Result "1-0"]
[WhiteElo "1765"]
[BlackElo "1447"]
[PlyCount "81"]
[EventDate "2021.10.15"]
[EventType "swiss"]
[EventRounds "9"]
[EventCountry "NET"]
[SourceTitle "EXT 2023"]
[Source "ChessBase"]
[SourceDate "2022.10.05"]
[SourceVersion "1"]
[SourceVersionDate "2022.10.05"]
[SourceQuality "1"]
[WhiteTeam "Spain"]
[BlackTeam "Romania"]
[WhiteTeamCountry "ESP"]
[BlackTeamCountry "ROU"]

1. d4 d5 2. c4 e6 3. Nc3 c5 4. cxd5 exd5 5. Nf3 Nc6 6. dxc5 d4 7. Na4 b5 8. cxb6 axb6 9. e3 Bb4+ 10. Bd2 d3 11. Bxb4 Nxb4 12. Nd4 Bf5 13. a3 Nc2+ 14. Nxc2 dxc2 15. Bb5+ Kf8 16. Qxd8+ Rxd8 17. Nc3 Nf6 18. Rc1 Ne4 19. Nxe4 Bxe4 20. f3 Bg6 21. Ba4 Rc8 22. e4 f5 23. Bxc2 fxe4 24. fxe4 Bxe4 25. 0-0+ Ke7 26. Bxe4 h6 27. Bg6 Rxc1 28. Rxc1 Rd8 29. h3 Rd6 30. Be4 Rd2 31. Rc2 Rd1+ 32. Kf2 Rd4 33. Ke3 Rd6 34. Rc7+ Kf6 35. Rc6 Rxc6 36. Bxc6 Ke5 37. b4 g5 38. a4 Kd6 39. Bf3 Kc7 40. Ke4 Kd6 41. Kf5 1-0

[Event "EU-ch Hybrid U14 Girls"]
[Site "Tornelo INT"]
[Date "2021.10.15"]
[Round "5"]
[White "Lobo Pereira, Arami"]
[Black "Radenkovic, Mila"]
[Result "1-0"]
[WhiteElo "1765"]
[BlackElo "1715"]
[PlyCount "71"]
[EventDate "2021.10.15"]
[EventType "swiss"]
[EventRounds "9"]
[EventCountry "NET"]
[SourceTitle "EXT 2023"]
[Source "ChessBase"]
[SourceDate "2022.10.05"]
[SourceVersion "1"]
[SourceVersionDate "2022.10.05"]
[SourceQuality "1"]
[WhiteTeam "Spain"]
[BlackTeam "Serbia"]
[WhiteTeamCountry "ESP"]
[BlackTeamCountry "SRB"]

1. d4 f5 2. g3 g6 3. Bg2 Bg7 4. Nh3 Nf6 5. Nf4 0-0 6. h4 d6 7. d5 c6 8. Nc3 e5 9. dxe6 Qe7 10. h5 g5 11. h6 Bh8 12. Nh3 g4 13. Nf4 Na6 14. Qd3 Bxe6 15. Nxe6 Qxe6 16. Bf4 Nb4 17. Qd2 Rad8 18. a3 Nbd5 19. Nxd5 Nxd5 20. Bxd5 Qxd5 21. Qxd5+ cxd5 22. 0-0-0 Kf7 23. Rxd5 Be5 24. Bxe5 dxe5 25. Rxe5 Kf6 26. Rc5 Rd7 27. Rd1 Rfd8 28. Rd3 Kg6 29. Kd2 b6 30. Rc6+ Kg5 31. a4 Rxd3+ 32. cxd3 Rd4 33. b3 f4 34. Rc7 Kxh6 35. Rxa7 Kg5 36. Rxh7 1-0